Kariera trenerska Ernesto Valverde. - Statystyki

Ogólne statystyki
  • Ten quiz został rozwiązany 27 razy
  • Średni wynik to 4 z 8
Statystyki odpowiedzi
Lata Drużyna % Poprawnych
2017-2020 Barcelona
100%
2003-2005 Athletic Bilbao
65%
2013-2017 Athletic Bilbao
65%
2012-2013 Valencia
58%
2009-2010 Villarreal
42%
2006-2008 Espanyol
35%
2008-2009 Olympiakos
27%
2010-2012 Olympiakos
27%
Nie znaleziono quizów pasujących do podanych kryteriów
Rozkład punktacji
Procent ludzi z każdym wynikiem
Percentyl według liczby udzielonych odpowiedzi
Twoja historia wyników
Nie rozwiązałeś tego quizu